De toponomía mínima aljarafeña (Record no. 170348)
[ view plain ]
| 000 -LEADER | |
|---|---|
| campo de control de longitud fija | 00936nam a22001935i 4500 |
| 001 - NÚMERO DE CONTROL | |
| campo de control | 170348 |
| 003 - IDENTIFICADOR DE NÚMERO DE CONTROL | |
| campo de control | ES-MaACL |
| 005 - FECHA Y HORA DE LA ÚLTIMA TRANSACCIÓN | |
| campo de control | 20230906214350.0 |
| 008 - DATOS DE LONGITUD FIJA--INFORMACIÓN GENERAL | |
| campo de control de longitud fija | 090226s1982 sp |||| | spa d |
| 080 ## - NÚMERO DE LA CLASIFICACIÓN DECIMAL UNIVERSAL | |
| Número de la Clasificación Decimal Universal | 811.134.11'372.21(460.353 Aljarafe) |
| 100 1# - ENTRADA PRINCIPAL--NOMBRE DE PERSONA | |
| Nombre de persona | Herrera García, Antonio. |
| 9 (RLIN) | 63220 |
| 245 10 - MENCIÓN DEL TÍTULO | |
| Título | De toponomía mínima aljarafeña |
| Resto del título | : un intento de clasificación y algunas suposiciones / |
| Mención de responsabilidad, etc. | por Antonio Herrera García. |
| 260 ## - PUBLICACIÓN, DISTRIBUCIÓN, ETC. | |
| Lugar de publicación, distribución, etc. | Sevilla : |
| Nombre del editor, distribuidor, etc. | Instituto de Bachillerato "San Isidro", |
| Fecha de publicación, distribución, etc. | 1982. |
| 300 ## - DESCRIPCIÓN FÍSICA | |
| Extensión | P. 57-71 ; |
| Dimensiones | 22 cm. |
| 595 ## - | |
| -- | Separata de: Miscelánea de trabajos de investigación ofrecida al Dr. D. Vicente García de Diego López, catedrático de latín de este centro, con motivo de su jubilación en el mismo. |
| 650 14 - PUNTO DE ACCESO ADICIONAL DE MATERIA--TÉRMINO DE MATERIA | |
| Término de materia o nombre geográfico como elemento de entrada | Nombres geográficos- |
| Subdivisión geográfica | Aljarafe. |
| 9 (RLIN) | 139541 |
| 710 2# - ENTRADA AGREGADA--NOMBRE DE ENTIDAD CORPORATIVA | |
| Nombre de entidad corporativa o nombre de jurisdicción como elemento de entrada | Instituto "San Isidoro" de Sevilla. |
| 9 (RLIN) | 139542 |
| 852 ## - LOCALIZACIÓN | |
| Ubicación | ES-MaACL |
| Número de control de estantería | 2250-F-1 |
| itemnumber | R.114527 |
| Nota libre | .- Dedicatoria manuscrita del autor |
| Estatus retirado | Estado de pérdida | Estado de daño | No para préstamo | Colección | Biblioteca de origen | Biblioteca actual | Ubicación en estantería | Fecha de adquisición | Fuente de adquisición | Total de préstamos | Signatura topográfica completa | Código de barras | Visto por última vez | Precio de reemplazo | Tipo de ítem Koha |
|---|---|---|---|---|---|---|---|---|---|---|---|---|---|---|---|
| Colección de folletos | Biblioteca del Ateneo de Madrid | Biblioteca del Ateneo de Madrid | Depósito folletos | 26/02/2009 | 2250-F-1 | 1178835 | 23/02/2023 | 23/02/2023 | Folleto |
